Handbook of water purification
Spremljeno u:
| Glavni autor: | |
|---|---|
| Format: | Knjiga |
| Jezik: | Undetermined |
| Izdano: |
New York
John Wiley & Sons
1987
|
| Teme: | |
| Oznake: |
Dodaj oznaku
Bez oznaka, Budi prvi tko označuje ovaj zapis!
|
| Thư viện lưu trữ: | Trung tâm Học liệu Trường Đại học Cần Thơ |
|---|
| LEADER | 00479nam a2200169Ia 4500 | ||
|---|---|---|---|
| 001 | CTU_46296 | ||
| 008 | 210402s9999 xx 000 0 und d | ||
| 082 | |a 628.162 | ||
| 082 | |b L865 | ||
| 100 | |a Walter Lorch | ||
| 245 | 0 | |a Handbook of water purification | |
| 245 | 0 | |c Walter Lorch | |
| 260 | |a New York | ||
| 260 | |b John Wiley & Sons | ||
| 260 | |c 1987 | ||
| 650 | |a industrial water supply - management,water reuse | ||
| 980 | |a Trung tâm Học liệu Trường Đại học Cần Thơ | ||